LEADER 01202nam a2200253 u 4500 001 000000064044 003 CaOOAMICUS 005 20070226121319.0 008 011113c19389999fr u000 u fre u 035 $a10909625 040 $aPUL(R)$bita 100 1 $aMalebranche, Nicolas,$cC.Or.,$d1638-1715.$0(OLS)http://pul/name/14867 240 10$aOpere$9(Malebranche, Nicolas, C.Or., 1638-1715).$0(OLS)http://pul/title/81925 245 10$aOeuvres complètes de Malebranche /$cédition critique publiée sous les auspices de l'Académie française, de l'Académie des Sciences, de l'Académie des Sciences morales et politiques par Désiré Roustan ; en collaboration avec Paul Schrecker. 260 $aParis :$bBoivin,$c<1938- >. 300 $a<1- > ;$c23 cm 504 $aBibliografia in nota. 700 1 $aSchrecker, Paul.$0(OLS)http://pul/name/43341 700 1 $aRoustan, Désiré.$0(OLS)http://pul/name/43340 850 $aPUL 852 $aPUL$W1$xDP2 Filosofia 1$y62$m83 C 3$j83077$nBK-PRI$b $qStampati$B83077$CPULBib$Z2$F83077 $81 941 1 $a8 996 $6245$aOeuvres complètes de Malebranche$9(OLS)http://pul/title/55947 996 $6260$aParis :$bBoivin$9(OLS)http://pul/publisher/70743 LEADER 01670nam a2200373 u 4500 001 000000041777 003 CaOOAMICUS 005 20150724143306.0 008 990212s1971 it u000 u ita u 035 $a10813969 040 $aPUL(R)$bita 041 1 $aita$hdut 100 1 $aSchillebeeckx, Edward,$cO.P.,$d1914-2009.$0(OLS)http://pul/name/12048 245 10$aFede e interpretazione /$cEdward Schillebeeckx [e] Piet Schoonenberg ; editoriale e traduzione di Dino Pezzetta. 260 $aBrescia :$bQueriniana,$c1971. 300 $a134 p.$c20 cm 490 1 $aGiornale di teologia ;$v56 504 $aBibliografia a piè pagina. 650 4$aFede.$0(OLS)http://pul/subject/668 650 4$aSalvezza$xCritica e interpretazione.$0(OLS)http://pul/subject/17416 700 1 $aSchoonenberg, Piet,$cS.I.,$d1911-1999.$0(OLS)http://pul/name/11860 700 1 $aPezzetta, Dino.$0(OLS)http://pul/name/11861 830 0$aGiornale di teologia ;$v56.$0(OLS)http://pul/title/9027 850 $aPUL 852 $aPUL$W1$xSL Religione 3$y85$m200 GDT 1.56$j56547$nBK-PRI$qDDC 21$B56547$CPULBib$Z2$F56547 $82 852 $aPUL$W1$xDP1 Fondo Bordoni$y120$m3 F 37.56$j173474$qFondi$B175771$CPULBib$Z2$F175771 $HBor1611 $81 852 $aPUL$W1$xDP1 Fondo S. Lanza$y121$m3 M 24.56$j167968$qFondi$B168526$CPULBib$Z2$F168526 $HLAN437 $82 941 1 $a9 941 1 $a1 961 $aINV: 35416 961 $aNota ms. di possesso: Sergio Lanza 983 0$aGdT. 996 $6245$aFede e interpretazione$9(OLS)http://pul/title/56376 996 $6260$aBrescia :$bQueriniana$9(OLS)http://pul/publisher/47906